000 00397nam a22001697a 4500
003 MPLRDC
005 20220104173341.0
008 210129b ||||| |||| 00| 0 eng d
082 _a050.1 RD v.7 2001 c.4
100 _aPETER DOCKRILL
245 _aREADER'S DIGEST. JULY 2001
_c
250 _a初版
260 _a
_b
_c2001
300 _b
650 _a
942 _cBK
_o050.1 RD v.7 2001 c.4
999 _c59381
_d59371